Η σκιά της σκιάς

Αποθηκεύτηκε σε:
Λεπτομέρειες βιβλιογραφικής εγγραφής
Κύριος συγγραφέας: Taibo, Paco Ignacio, II, 1949-
Άλλοι συγγραφείς: Καψαμπέλη, Κική (trlf)
Μορφή: Βιβλίο
Γλώσσα:Greek
Spanish
Δημοσίευση: Αθήνα : Άγρα, c1996, 2006.
Σειρά:Αστυνομική λογοτεχνία (Άγρα)
Θέματα:
Ετικέτες: Προσθήκη ετικέτας
Δεν υπάρχουν, Καταχωρήστε ετικέτα πρώτοι!

MARC

LEADER 00000cam a2200000 i 4500
001 1/34286
008 060913t19962006gr | ||| |||| ||gre||
020 |a 9603251798 
035 |l 10085184 
040 |a GR-MyUa  |b gre  |e AACR2 
041 1 |a gre  |h spa 
082 7 |a 863   |2 (22) 
100 1 |a Taibo, Paco Ignacio,   |c II,   |d 1949- 
245 1 2 |a Η σκιά της σκιάς /   |c Paco Ignacio Taibo II ; μετάφραση από τα ισπανικά (Μεξικό), σημειώσεις και επιλογικό σημείωμα: Κική Καψαμπέλη.  
260 |a Αθήνα :   |b Άγρα,   |c c1996, 2006.  
300 |a 361 σ. ;   |c 18 εκ.  
490 1 |a (Αστυνομική Λογοτεχνία / Άγρα)  
500 |a Τίτλος πρωτοτύπου: Sombra de la sombra.  
500 |a Το Παράρτημα Σύρου διαθέτει την 1η ανατύπωση, 1999.  
500 |a Το Παράρτημα Σάμου διαθέτει την 2η ανατύπωση, 2006.  
650 0 |a Spanish fiction. 
700 1 |a Καψαμπέλη, Κική,  |e trlf 
830 0 |a Αστυνομική λογοτεχνία (Άγρα) 
852 |a INST  |b SAMOS  |e 20200626  |h 863 TAI  |p 005300046492  |q 005300046492  |t BK  |y 0 
852 |a INST  |b SYROS  |e 20060913  |h 863 TAI  |p 005500004657  |q 005500004657  |t BK  |y 0 
901 |a BIBL5-2006-2 
970 |a Καγιαβά  |b Ειρήνη  |z 13/09/2006